<?xml version="1.0" encoding="UTF-8"?><?xml-stylesheet type="text/xsl" href="static/style.xsl"?><OAI-PMH xmlns="http://www.openarchives.org/OAI/2.0/" xmlns:xsi="http://www.w3.org/2001/XMLSchema-instance" xsi:schemaLocation="http://www.openarchives.org/OAI/2.0/ http://www.openarchives.org/OAI/2.0/OAI-PMH.xsd"><responseDate>2026-04-17T11:55:56Z</responseDate><request verb="GetRecord" identifier="oai:www.recercat.cat:20.500.12694/7228" metadataPrefix="marc">https://recercat.cat/oai/request</request><GetRecord><record><header><identifier>oai:recercat.cat:20.500.12694/7228</identifier><datestamp>2025-12-18T12:09:04Z</datestamp><setSpec>com_2072_179042</setSpec><setSpec>col_2072_484474</setSpec></header><metadata><record xmlns="http://www.loc.gov/MARC21/slim" xmlns:dcterms="http://purl.org/dc/terms/" xmlns:xsi="http://www.w3.org/2001/XMLSchema-instance" xmlns:doc="http://www.lyncode.com/xoai" xsi:schemaLocation="http://www.loc.gov/MARC21/slim http://www.loc.gov/standards/marcxml/schema/MARC21slim.xsd">
   <leader>00925njm 22002777a 4500</leader>
   <datafield ind2=" " ind1=" " tag="042">
      <subfield code="a">dc</subfield>
   </datafield>
   <datafield ind2=" " ind1=" " tag="720">
      <subfield code="a">Serra Heredia, Marina</subfield>
      <subfield code="e">author</subfield>
   </datafield>
   <datafield ind2=" " ind1=" " tag="260">
      <subfield code="c">2015-07-14</subfield>
   </datafield>
   <datafield ind2=" " ind1=" " tag="520">
      <subfield code="a">Aquest projecte intenta aprofundir en la relació entre l’òpera i la literatura. L’estreta relació entre els moviments literaris al llarg dels segles i el desenvolupament de l’òpera com a nou gènere musical és evident, tot partint de la mitologia clàssica i a través de la tragèdia, la novel·la, els contes… Per raons òbvies, m’he hagut de circumscriure a una selecció d’òperes basades en el repertori que m’era més convenient: des del mite d’Orfeu i Eurídice, tot passant per la tragèdia de Romeu i Julieta o des de La flauta màgica fins a La Traviata.</subfield>
   </datafield>
   <datafield ind2=" " ind1=" " tag="520">
      <subfield code="a">Este proyecto intenta profundizar en la relación entre la ópera y la literatura. La estrecha relación entre los movimientos literarios a lo largo de los siglos y el desarrollo de la ópera como nuevo género musical es evidente, partiendo de la mitología clásica y a través de la tragedia, la novela, los cuentos… Por razones obvias, he tenido que circunscribirme a una selección de óperas, basándome en el repertorio más conveniente: desde el mito de Orfeo y Eurídice, pasando por la tragedia de Romeo y Julieta o desde La flauta mágica hasta La Traviata.</subfield>
   </datafield>
   <datafield ind2=" " ind1=" " tag="520">
      <subfield code="a">This project aims to delve deeply into the relationship between opera and literature. The close relationship between literary movements over the course of centuries and the development of opera as a new musical genre is evident, starting from classical mythology and through tragedy, novels, short stories… For obvious reasons, I had to limit myself to a selection of operas, based on the most suitable repertoire: from the myth of Orpheus and Eurydice to the tragedy of Romeo and Juliet, or from The Magic Flute to La Traviata.</subfield>
   </datafield>
   <datafield ind1="8" ind2=" " tag="024">
      <subfield code="a">http://hdl.handle.net/20.500.12694/7228</subfield>
   </datafield>
   <datafield tag="653" ind2=" " ind1=" ">
      <subfield code="a">TFG Música clàssica i contemporània</subfield>
   </datafield>
   <datafield tag="653" ind2=" " ind1=" ">
      <subfield code="a">Música i literatura</subfield>
   </datafield>
   <datafield tag="653" ind2=" " ind1=" ">
      <subfield code="a">Òpera--Història i crítica</subfield>
   </datafield>
   <datafield tag="653" ind2=" " ind1=" ">
      <subfield code="a">Òperes--Anàlisi i apreciació</subfield>
   </datafield>
   <datafield ind2="0" ind1="0" tag="245">
      <subfield code="a">Ópera y literatura: del mito clásico a la novela romántica</subfield>
   </datafield>
</record></metadata></record></GetRecord></OAI-PMH>